Hábitos alimenticios y su relación con la práctica de actividad física de los centros educativos del nivel secundario del distrito 06-04 La Vega Oeste / (Record no. 13458)

MARC details
000 -LEADER
campo de control de longitud fija 01870nmm a22003494i 4500
001 - NÚMERO DE CONTROL
campo de control 35185
003 - IDENTIFICADOR DE NÚMERO DE CONTROL
campo de control DO-SdISF
005 - FECHA Y HORA DE LA ÚLTIMA TRANSACCIÓN
campo de control 20250702123918.0
007 - CAMPO FIJO DE DESCRIPCIÓN FÍSICA--INFORMACIÓN GENERAL
campo de control de longitud fija ta
008 - DATOS DE LONGITUD FIJA--INFORMACIÓN GENERAL
campo de control de longitud fija 240529s2024 dr ||||fo||d| 00| 0 spa d
040 ## - FUENTE DE CATALOGACIÓN
Centro catalogador/agencia de origen DO-CGIP0050
Lengua de catalogación spa
Centro/agencia transcriptor DO-CGIP0050
Normas de descripción rda
100 1# - ENTRADA PRINCIPAL--NOMBRE DE PERSONA
Nombre de persona Ramírez Rodríguez, Yusefy Jesús
Término indicativo de función/relación autor
9 (RLIN) 34129
245 10 - MENCIÓN DEL TÍTULO
Título Hábitos alimenticios y su relación con la práctica de actividad física de los centros educativos del nivel secundario del distrito 06-04 La Vega Oeste /
Mención de responsabilidad, etc. sustentado por: Yusefy Jesús Ramírez Rodríguez ; tutor: Miguel Israel Bennasar García
264 #1 - PRODUCCIÓN, PUBLICACIÓN, DISTRIBUCIÓN, FABRICACIÓN Y COPYRIGHT
Producción, publicación, distribución, fabricación y copyright Santiago de los Caballeros :
Nombre del de productor, editor, distribuidor, fabricante ISFODOSU,
Fecha de producción, publicación, distribución, fabricación o copyright 2024
300 ## - DESCRIPCIÓN FÍSICA
Extensión 1 recurso en línea (109 páginas) :
Otras características físicas ilustraciones
336 ## - TIPO DE CONTENIDO
Fuente rdacontent
Término de tipo de contenido texto
Código de tipo de contenido txt
337 ## - TIPO DE MEDIO
Nombre/término del tipo de medio Computadora
Código del tipo de medio c
Fuente rdamedia
338 ## - TIPO DE SOPORTE
Nombre/término del tipo de soporte recurso en línea
Código del tipo de soporte cr
Fuente rdacarrier
347 ## - CARACTERÍSTICAS DEL ARCHIVO DIGITAL
Fuente rda
Tipo de archivo archivo de texto
Formato de codificación PDF
502 ## - NOTA DE TESIS
Nota de tesis Tesis para optar por el título de Maestría en Educación Física Integral - Instituto Superior de Formación Docente Salomé Ureña - ISFODOSU, Recinto LNNM, 2024.
504 ## - NOTA DE BIBLIOGRAFÍA, ETC.
Nota de bibliografía, etc. Nota Referencias bibliográficas en página 76.
505 2# - NOTA DE CONTENIDO CON FORMATO
Nota de contenido con formato Introducción -- Revisión de literatura -- Metodológico -- Resultados -- Discusión de los resultados -- Conclusiones -- Recomendaciones -- Listado de anexos.
610 24 - PUNTO DE ACCESO ADICIONAL DE MATERIA--NOMBRE DE ENTIDAD CORPORATIVA
Nombre de entidad corporativa o nombre de jurisdicción como elemento de entrada Instituto Superior de Formación Docente Salomé Ureña
Subdivisión de forma Tesis
Fuente del encabezamiento o término armarc
9 (RLIN) 20677
650 14 - PUNTO DE ACCESO ADICIONAL DE MATERIA--TÉRMINO DE MATERIA
Término de materia o nombre geográfico como elemento de entrada Educación física
Fuente del encabezamiento o término armarc
9 (RLIN) 3852
650 14 - PUNTO DE ACCESO ADICIONAL DE MATERIA--TÉRMINO DE MATERIA
Término de materia o nombre geográfico como elemento de entrada Salud escolar
9 (RLIN) 9464
650 14 - PUNTO DE ACCESO ADICIONAL DE MATERIA--TÉRMINO DE MATERIA
Término de materia o nombre geográfico como elemento de entrada Conducta alimentaria
9 (RLIN) 2671
650 14 - PUNTO DE ACCESO ADICIONAL DE MATERIA--TÉRMINO DE MATERIA
Término de materia o nombre geográfico como elemento de entrada Aptitud física
9 (RLIN) 1293
650 17 - PUNTO DE ACCESO ADICIONAL DE MATERIA--TÉRMINO DE MATERIA
Término de materia o nombre geográfico como elemento de entrada Educación secundaria
Fuente del encabezamiento o término armarc
Subdivisión geográfica República Dominicana
9 (RLIN) 3888
700 ## - ENTRADA AGREGADA--NOMBRE PERSONAL
Nombre de persona Bennasar García, Miguel Israel
9 (RLIN) 28588
Término indicativo de función/relación tutor
856 ## - LOCALIZACIÓN Y ACCESO ELECTRÓNICOS
Texto de enlace Clic para ver Texto Completo
Identificador Uniforme de Recurso <a href="https://biblioteca.isfodosu.edu.do/cgi-bin/koha/opac-retrieve-file.pl?id=3d4e2978ec1a6e19dd9fbf6689988276">https://biblioteca.isfodosu.edu.do/cgi-bin/koha/opac-retrieve-file.pl?id=3d4e2978ec1a6e19dd9fbf6689988276</a>
942 ## - ELEMENTOS DE ENTRADA SECUNDARIOS (KOHA)
Fuente de la clasificación o esquema de estantería
Tipo de ítem Koha
Holdings
Estatus retirado Estado de pérdida Fuente de la clasificación o esquema de estantería Estado de daño No para préstamo Biblioteca de origen Biblioteca actual Fecha de adquisición Total de préstamos Visto por última vez Precio de reemplazo Tipo de ítem Koha
    Clasificación Decimal Dewey     Repositorio INERED Repositorio INERED 02/07/2025   02/07/2025 02/07/2025 Tesis digital

© 2024. Todos los Derechos Reservados. Desarrollado por IDEICE